Instructional television : (Record no. 183297)
[ view plain ]
| 000 -LEADER | |
|---|---|
| fixed length control field | 01427 a2200205 4500 |
| 003 - CONTROL NUMBER IDENTIFIER | |
| control field | Nust |
| 005 - DATE AND TIME OF LATEST TRANSACTION | |
| control field | 20221226101730.0 |
| 010 ## - LIBRARY OF CONGRESS CONTROL NUMBER | |
| LC control number | 76054241 |
| 020 ## - INTERNATIONAL STANDARD BOOK NUMBER | |
| International Standard Book Number | 087778096X |
| 040 ## - CATALOGING SOURCE | |
| Transcribing agency | Nust |
| 082 00 - DEWEY DECIMAL CLASSIFICATION NUMBER | |
| Classification number | 621.388,ACK |
| 245 00 - TITLE STATEMENT | |
| Title | Instructional television : |
| Remainder of title | status and directions / |
| Statement of responsibility, etc. | Jerrold Ackerman and Lawrence Lipsitz, editors. |
| 260 ## - PUBLICATION, DISTRIBUTION, ETC. | |
| Place of publication, distribution, etc. | Englewood Cliffs, N.J. : |
| Name of publisher, distributor, etc. | Educational Technology Publications, |
| Date of publication, distribution, etc. | c1977. |
| 300 ## - PHYSICAL DESCRIPTION | |
| Extent | xii, 217 p. : |
| Other physical details | ill. ; |
| Dimensions | 25 cm. |
| 505 ## - FORMATTED CONTENTS NOTE | |
| Formatted contents note | Keynote to Volume: A Challenge to Dream (Page-3), Synopsis of Television in Education (Page-7), Instructional Development in Instructional Television (Page-15), A Cognitive Approach to Media (Page-49),Instructional Television: do we the Courage to Succeed? (Page-59), A Working Models Of Instructional Television (Page-65),College Credit Course by Open Circuits Television (Page-75), ITV/ETV Evaluation (Page-85), Instructional Television: The Medium whose Future Has Passed (Page-95), Instructional Television: Interaction and Learning Objective (Page-109), In-School Television and The New Technology (Page-123), Videodiscs, or the Individualization Of Instructional Television (Page-133), Instructional Television: Yesterday Magic (Page-147), Improving ITV, S Instructional Image (Page-153). |
| 650 #0 - SUBJECT ADDED ENTRY--TOPICAL TERM | |
| Topical term or geographic name entry element | Television in education. |
| 9 (RLIN) | 105863 |
| 700 1# - ADDED ENTRY--PERSONAL NAME | |
| Personal name | Ackerman, Jerrold. |
| 9 (RLIN) | 105864 |
| 700 1# - ADDED ENTRY--PERSONAL NAME | |
| Personal name | Lipsitz, Lawrence. |
| 9 (RLIN) | 105865 |
| 942 ## - ADDED ENTRY ELEMENTS (KOHA) | |
| Source of classification or shelving scheme | |
| Koha item type | Book |
| Withdrawn status | Lost status | Source of classification or shelving scheme | Damaged status | Not for loan | Permanent Location | Current Location | Shelving location | Date acquired | Full call number | Barcode | Date last seen | Price effective from | Koha item type | Public note |
|---|---|---|---|---|---|---|---|---|---|---|---|---|---|---|
| Military College of Signals (MCS) | Military College of Signals (MCS) | General Stacks | 12/12/2016 | 621.388,ACK | MCS5664 | 12/08/2016 | 12/12/2016 | Book | Almirah No.39, Shelf No.4 |
